Paula Hartmann Veuve Lyrics - Statistiken

Allgemein
  • Dieses Quiz wurde 7 mal gespielt
  • Das Durchschnittsergebnis liegt bei 193 aus 319
Antwortstatistiken
Lyrics % Korrekt
das
100%
Das
100%
den
100%
Denke
100%
der
100%
die
100%
Die
100%
ich
100%
Ich
100%
in
100%
mal
100%
und
100%
war
100%
was
100%
wie
100%
wieder
100%
aber
80%
daran
80%
dich
80%
du
80%
eigentlich
80%
Fühl'
80%
fühl
80%
gar
80%
Glas
80%
hier
80%
hin
80%
Leitungswasser
80%
mag
80%
mei'm
80%
Menschen
80%
mich
80%
mit
80%
'nem
80%
nicht
80%
Nicht
80%
Regen
80%
teuren
80%
viel
80%
voll
80%
war'n
80%
wein
80%
wir
80%
Zimmer
80%
zwei
80%
zweimal
80%
am
60%
Arm
60%
auf
60%
Champagner
60%
Dinge
60%
Disney
60%
Draußen
60%
drei
60%
dritter
60%
Etage
60%
Fotos
60%
hab
60%
Handy
60%
high
60%
ist
60%
Kalender
60%
Kerzenwachs
60%
Lein'n
60%
lieb
60%
liebe
60%
mein'n
60%
mir
60%
musste
60%
nach
60%
Neunzehn
60%
nine-to-five
60%
Schild
60%
seh'
60%
sehr
60%
So
60%
so
60%
Stock
60%
stören
60%
Um
60%
uns
60%
von
60%
warst
60%
Workload
60%
zu
60%
allein
40%
alles
40%
an
40%
aus
40%
Bettwäsche
40%
Block
40%
Clicquot
40%
dass
40%
drin
40%
dunkel
40%
ein
40%
es
40%
fällt
40%
Fenster
40%
gegen
40%
gehör
40%
gehört
40%
Handtuchschwan
40%
her
40%
im
40%
Jede
40%
Jetzt
40%
Kaschmir
40%
keine
40%
Kissen
40%
Lächeln
40%
Loft
40%
lösch
40%
Nichts
40%
nichts
40%
Room
40%
Schlafen
40%
Service
40%
soll
40%
steh
40%
tanz
40%
tausch
40%
Tausch
40%
vermissen
40%
Veuve
40%
weg
40%
weiß
40%
wenn
40%
Zeit
40%
zerissen
40%
zum
40%
Ah
20%
Ampel
20%
Augen
20%
Ausgebrannt
20%
Burnout
20%
deins
20%
durch
20%
frage
20%
Füllung
20%
für
20%
Gardine
20%
gerade
20%
gezwung'n
20%
grade
20%
Hintergrund
20%
Irgendwo
20%
Kaltgestellte
20%
kann
20%
Kraft
20%
Licht
20%
Mh
20%
Niemand
20%
noch
20%
Nur
20%
ob
20%
Palo
20%
Perwoll
20%
riecht
20%
Ritz
20%
Santo
20%
scheint
20%
Schlafanzug
20%
seh'n
20%
Sonne
20%
Stiefel
20%
Suite
20%
Tank
20%
Trinity-Ring
20%
verpassen
20%
Wand
20%
werd
20%
will
20%
Witwe
20%
Keine übereinstimmenden Quizze gefunden
Verteilung der Resultate
Anzahl Personen mit jedem Resultat
Perzentil nach korrekt beantworteten Fragen
Ihre Resultats-Entwicklung
Sie haben dieses Quiz noch nicht gespielt